01084nam a2200277 a 450000100060000000300080000600500170001400800410003102000320007203500190010404000270012304100080015008200260015810000320018424501050021626000610032130000320038250400370041465000550045170000320050670000250053883000690056394200120063299900170064495201450066169642BD-RjUL20211209081918.0170412s1987 enka b 001 0 eng d a0471907634 :c$40.00 (U.S.) a(BD-RjUL)69854 aDLCcDLCdBD-RjULbeng aeng00a519.532223bTIS 19871 aTitterington, D. M.920627410aStatistical analysis of finite mixture distributions /cD.M. Titterington, A.F.M. Smith, U.E. Makov. aChichester ;aNew York :bWiley,cc1985[reprinted 1987]. ax, 243 p. :bill. ;c24 cm. aIncludes bibliography and index. 0aMixture distributions (Probability theory)91583771 aSmith, Adrian F. M.92062761 aMakov, U. E.9206277 aWiley series in probability and mathematical statistics.9206278 2ddccBK c69642d69642 00102ddc40718NFICaRUCLbRUCLcReadingd1990-01-15eAbacus, Londong35.05l0o519.532 TIS 1987r2017-04-12 00:00:00tC-1w2017-04-12yBK